[Event "DVM U20 2023"]
[Site "Magdeburg GER"]
[Date "2023.12.30"]
[Round "7"]
[White "Dauner, Benedikt"]
[Black "Suvorov, Alexander"]
[Result "1/2-1/2"]
[Termination "normal"]
[Board "1.1"]
[WhiteTitle "FM"]
[BlackTitle "FM"]
[WhiteElo "2390"]
[BlackElo "2334"]
[WhiteClock "01:33:52"]
[BlackClock "01:04:49"]
[WhiteTeam "Karlsruher SF 1853"]
[BlackTeam "SG Porz"]
[PlyCount "40"]
[WhiteFideId "16225899"]
[BlackFideId "12977063"]
[EventCountry "GER"]
[EventRounds "7"]
[EventType "team-swiss"]
[EventDate "2023.12.26"]

1. Nf3 {[%clk 01:30:54]} {[%emt 00:00:06]} Nf6 {[%clk 01:30:37]} {[%emt
00:00:22]} 2. d4 {[%clk 01:31:18]} {[%emt 00:00:06]} g6 {[%clk 01:30:50]}
{[%emt 00:00:17]} 3. Nbd2 {[%clk 01:31:42]} {[%emt 00:00:06]} d5 {[%clk
01:29:18]} {[%emt 00:02:03]} 4. e3 {[%clk 01:32:07]} {[%emt 00:00:05]} Bg7
{[%clk 01:29:29]} {[%emt 00:00:18]} 5. b4 {[%clk 01:32:32]} {[%emt 00:00:05]}
O-O {[%clk 01:28:58]} {[%emt 00:01:01]} 6. c4 {[%clk 01:32:57]} {[%emt
00:00:05]} c6 {[%clk 01:28:33]} {[%emt 00:00:55]} 7. a4 {[%clk 01:33:01]}
{[%emt 00:00:26]} Bg4 {[%clk 01:24:38]} {[%emt 00:04:24]} 8. Be2 {[%clk
01:33:19]} {[%emt 00:00:13]} Nbd7 {[%clk 01:23:24]} {[%emt 00:01:44]} 9. O-O
{[%clk 01:33:31]} {[%emt 00:00:17]} a6 {[%clk 01:17:03]} {[%emt 00:06:52]} 10.
Bb2 {[%clk 01:33:44]} {[%emt 00:00:17]} e6 {[%clk 01:14:44]} {[%emt 00:02:48]}
11. Re1 {[%clk 01:33:43]} {[%emt 00:00:31]} Ne4 {[%clk 01:11:12]} {[%emt
00:04:04]} 12. Nxe4 {[%clk 01:33:59]} {[%emt 00:00:13]} dxe4 {[%clk 01:11:37]}
{[%emt 00:00:04]} 13. Nd2 {[%clk 01:34:23]} {[%emt 00:00:08]} Bxe2 {[%clk
01:11:50]} {[%emt 00:00:17]} 14. Qxe2 {[%clk 01:34:48]} {[%emt 00:00:04]} f5
{[%clk 01:11:59]} {[%emt 00:00:22]} 15. Red1 {[%clk 01:34:32]} {[%emt
00:00:46]} Qc7 {[%clk 01:06:21]} {[%emt 00:06:08]} 16. Nb3 {[%clk 01:34:28]}
{[%emt 00:00:34]} Rfd8 {[%clk 01:05:35]} {[%emt 00:01:17]} 17. Rac1 {[%clk
01:34:13]} {[%emt 00:00:44]} Rac8 {[%clk 01:04:44]} {[%emt 00:01:22]} 18. h3
{[%clk 01:34:04]} {[%emt 00:00:37]} h6 {[%clk 01:04:45]} {[%emt 00:00:30]} 19.
Ba1 {[%clk 01:33:49]} {[%emt 00:00:45]} Kh7 {[%clk 01:04:55]} {[%emt 00:00:19]}
20. Qc2 {[%clk 01:33:52]} {[%emt 00:00:27]} h5 {[%clk 01:04:49]} {[%emt
00:00:36]} 1/2-1/2

[Event "DVM U20 2023"]
[Site "Magdeburg GER"]
[Date "2023.12.30"]
[Round "7"]
[White "Suvorov, Luca"]
[Black "Fidlin, Simon"]
[Result "1/2-1/2"]
[Termination "normal"]
[Board "1.2"]
[WhiteTitle "FM"]
[WhiteElo "2333"]
[BlackElo "2122"]
[WhiteClock "00:19:36"]
[BlackClock "00:39:51"]
[WhiteTeam "SG Porz"]
[BlackTeam "Karlsruher SF 1853"]
[PlyCount "83"]
[WhiteFideId "12977071"]
[BlackFideId "16217535"]
[EventCountry "GER"]
[EventRounds "7"]
[EventType "team-swiss"]
[EventDate "2023.12.26"]

1. d4 {[%clk 01:30:59]} Nf6 {[%clk 01:30:03]} {[%emt 00:00:57]} 2. c4 {[%clk
01:31:15]} {[%emt 00:00:14]} g6 {[%clk 01:30:27]} {[%emt 00:00:06]} 3. g3
{[%clk 01:31:25]} {[%emt 00:00:20]} c6 {[%clk 01:29:57]} {[%emt 00:01:00]} 4.
Bg2 {[%clk 01:29:11]} {[%emt 00:02:44]} d5 {[%clk 01:30:07]} {[%emt 00:00:20]}
5. Nf3 {[%clk 01:29:11]} {[%emt 00:00:30]} Bg7 {[%clk 01:29:03]} {[%emt
00:01:34]} 6. O-O {[%clk 01:27:05]} {[%emt 00:02:37]} O-O {[%clk 01:29:16]}
{[%emt 00:00:16]} 7. Ne5 {[%clk 01:22:07]} {[%emt 00:05:29]} Bf5 {[%clk
01:16:48]} {[%emt 00:12:58]} 8. Qb3 {[%clk 00:51:59]} {[%emt 00:30:37]} Qb6
{[%clk 01:15:18]} {[%emt 00:01:59]} 9. Nc3 {[%clk 00:43:25]} {[%emt 00:09:06]}
Qxb3 {[%clk 01:05:13]} {[%emt 00:10:35]} 10. axb3 {[%clk 00:43:46]} {[%emt
00:00:07]} Rd8 {[%clk 01:05:36]} {[%emt 00:00:08]} 11. cxd5 {[%clk 00:29:16]}
{[%emt 00:15:02]} cxd5 {[%clk 01:05:53]} {[%emt 00:00:13]} 12. Bg5 {[%clk
00:27:31]} {[%emt 00:02:14]} Nbd7 {[%clk 00:57:09]} {[%emt 00:09:14]} 13. Ra5
{[%clk 00:20:21]} {[%emt 00:07:41]} Nb6 {[%clk 00:43:31]} {[%emt 00:14:08]} 14.
Bxf6 {[%clk 00:14:10]} {[%emt 00:06:40]} exf6 {[%clk 00:41:35]} {[%emt
00:02:26]} 15. Nf3 {[%clk 00:14:33]} {[%emt 00:00:07]} Bf8 {[%clk 00:37:44]}
{[%emt 00:04:20]} 16. Rc1 {[%clk 00:12:08]} {[%emt 00:02:55]} a6 {[%clk
00:36:35]} {[%emt 00:01:38]} 17. Nd2 {[%clk 00:04:47]} {[%emt 00:07:51]} Bb4
{[%clk 00:36:13]} {[%emt 00:00:51]} 18. Raa1 {[%clk 00:05:15]} {[%emt
00:00:02]} Rac8 {[%clk 00:36:03]} {[%emt 00:00:41]} 19. Nf1 {[%clk 00:05:24]}
{[%emt 00:00:21]} Be6 {[%clk 00:33:32]} {[%emt 00:03:00]} 20. Na2 {[%clk
00:04:09]} {[%emt 00:01:45]} Bf8 {[%clk 00:30:53]} {[%emt 00:03:09]} 21. Rc3
{[%clk 00:04:31]} {[%emt 00:00:08]} Bh6 {[%clk 00:24:52]} {[%emt 00:06:31]} 22.
f4 {[%clk 00:01:56]} {[%emt 00:03:05]} Bf8 {[%clk 00:24:03]} {[%emt 00:01:19]}
23. Rac1 {[%clk 00:01:46]} {[%emt 00:00:40]} Rb8 {[%clk 00:23:59]} {[%emt
00:00:34]} 24. Ne3 {[%clk 00:01:28]} {[%emt 00:00:48]} f5 {[%clk 00:23:57]}
{[%emt 00:00:32]} 25. Rd1 {[%clk 00:00:41]} {[%emt 00:01:18]} Nc8 {[%clk
00:24:06]} {[%emt 00:00:20]} 26. Rc2 {[%clk 00:00:41]} {[%emt 00:00:31]} Bg7
{[%clk 00:18:56]} {[%emt 00:05:39]} 27. Nb4 {[%clk 00:00:38]} {[%emt 00:00:34]}
Nb6 {[%clk 00:18:29]} {[%emt 00:00:56]} 28. Rc7 {[%clk 00:00:37]} {[%emt
00:00:31]} a5 {[%clk 00:17:16]} {[%emt 00:01:44]} 29. Na2 {[%clk 00:01:02]}
{[%emt 00:00:04]} Rdc8 {[%clk 00:16:45]} {[%emt 00:01:01]} 30. Rxc8+ {[%clk
00:01:12]} {[%emt 00:00:21]} Rxc8 {[%clk 00:17:08]} {[%emt 00:00:06]} 31. Nc3
{[%clk 00:01:10]} {[%emt 00:00:32]} Rd8 {[%clk 00:16:49]} {[%emt 00:00:49]} 32.
Kf2 {[%clk 00:01:07]} {[%emt 00:00:33]} Kf8 {[%clk 00:16:45]} {[%emt 00:00:34]}
33. Bf3 {[%clk 00:01:08]} {[%emt 00:00:30]} Ke7 {[%clk 00:16:50]} {[%emt
00:00:24]} 34. Nc2 {[%clk 00:01:19]} {[%emt 00:00:19]} Ra8 {[%clk 00:15:03]}
{[%emt 00:02:16]} 35. Ra1 {[%clk 00:01:01]} {[%emt 00:00:49]} Kd6 {[%clk
00:14:26]} {[%emt 00:01:07]} 36. Ke3 {[%clk 00:00:56]} {[%emt 00:00:35]} Bd7
{[%clk 00:14:44]} {[%emt 00:00:13]} 37. Kd3 {[%clk 00:00:52]} {[%emt 00:00:33]}
Bc6 {[%clk 00:14:05]} {[%emt 00:01:09]} 38. Ne3 {[%clk 00:00:43]} {[%emt
00:00:39]} h5 {[%clk 00:13:32]} {[%emt 00:01:02]} 39. h4 {[%clk 00:00:39]}
{[%emt 00:00:35]} Bf8 {[%clk 00:13:04]} {[%emt 00:00:57]} 40. Bg2 {[%clk
00:00:34]} {[%emt 00:00:36]} Ke6 {[%clk 00:13:00]} {[%emt 00:00:33]} 41. Nc2
{[%clk 00:25:17]} {[%emt 00:05:46]} Be7 {[%clk 00:39:51]} {[%emt 00:03:39]} 42.
Bf3 {[%clk 00:19:36]} {[%emt 00:06:11]} 1/2-1/2

[Event "DVM U20 2023"]
[Site "Magdeburg GER"]
[Date "2023.12.30"]
[Round "7"]
[White "Koll, Linus"]
[Black "Gallasch, Jonas"]
[Result "1/2-1/2"]
[Termination "normal"]
[Board "1.3"]
[BlackTitle "FM"]
[WhiteElo "2059"]
[BlackElo "2304"]
[WhiteClock "00:51:49"]
[BlackClock "00:36:50"]
[WhiteTeam "Karlsruher SF 1853"]
[BlackTeam "SG Porz"]
[PlyCount "44"]
[WhiteFideId "12990299"]
[BlackFideId "16222474"]
[EventCountry "GER"]
[EventRounds "7"]
[EventType "team-swiss"]
[EventDate "2023.12.26"]

1. e4 {[%clk 01:30:59]} {[%emt 00:58:11]} c6 {[%clk 01:30:55]} {[%emt
00:00:05]} 2. Nf3 {[%clk 01:31:27]} {[%emt 00:00:04]} d5 {[%clk 01:31:20]}
{[%emt 00:00:02]} 3. d3 {[%clk 01:31:54]} {[%emt 00:00:04]} dxe4 {[%clk
01:31:46]} {[%emt 00:00:04]} 4. dxe4 {[%clk 01:32:20]} {[%emt 00:00:05]} Qxd1+
{[%clk 01:32:11]} {[%emt 00:00:05]} 5. Kxd1 {[%clk 01:32:47]} {[%emt 00:00:04]}
Nf6 {[%clk 01:32:35]} {[%emt 00:00:05]} 6. Nbd2 {[%clk 01:33:10]} {[%emt
00:00:07]} g6 {[%clk 01:32:59]} {[%emt 00:00:06]} 7. Ne1 {[%clk 01:32:40]}
{[%emt 00:01:00]} Nbd7 {[%clk 01:33:02]} {[%emt 00:00:27]} 8. c3 {[%clk
01:31:17]} {[%emt 00:01:53]} Bh6 {[%clk 01:33:02]} {[%emt 00:00:30]} 9. f3
{[%clk 01:30:47]} {[%emt 00:01:00]} Ne5 {[%clk 01:28:38]} {[%emt 00:04:54]} 10.
Nc4 {[%clk 01:21:13]} {[%emt 00:10:04]} Bxc1 {[%clk 01:28:37]} {[%emt
00:00:31]} 11. Rxc1 {[%clk 01:20:49]} {[%emt 00:00:54]} Nxc4 {[%clk 01:17:45]}
{[%emt 00:11:22]} 12. Bxc4 {[%clk 01:21:15]} {[%emt 00:00:04]} O-O {[%clk
01:18:12]} {[%emt 00:00:04]} 13. Ke2 {[%clk 01:18:46]} {[%emt 00:03:00]} Ne8
{[%clk 01:12:46]} {[%emt 00:05:54]} 14. Nc2 {[%clk 01:14:10]} {[%emt 00:05:06]}
Nd6 {[%clk 01:10:11]} {[%emt 00:03:05]} 15. Bb3 {[%clk 01:09:40]} {[%emt
00:05:00]} b6 {[%clk 01:08:09]} {[%emt 00:02:32]} 16. Ne3 {[%clk 01:07:00]}
{[%emt 00:03:10]} a5 {[%clk 01:06:49]} {[%emt 00:01:51]} 17. a3 {[%clk
01:04:56]} {[%emt 00:02:34]} Ba6+ {[%clk 01:01:06]} {[%emt 00:06:12]} 18. Kf2
{[%clk 01:04:50]} {[%emt 00:00:36]} Nb7 {[%clk 00:58:23]} {[%emt 00:03:13]} 19.
Bc4 {[%clk 00:58:21]} {[%emt 00:07:00]} Bxc4 {[%clk 00:51:51]} {[%emt
00:07:01]} 20. Nxc4 {[%clk 00:58:47]} {[%emt 00:00:04]} b5 {[%clk 00:52:09]}
{[%emt 00:00:12]} 21. Ne5 {[%clk 00:57:21]} {[%emt 00:01:56]} Rac8 {[%clk
00:48:38]} {[%emt 00:04:01]} 22. Rhd1 {[%clk 00:51:49]} {[%emt 00:06:03]} f6
{[%clk 00:36:50]} {[%emt 00:12:17]} 1/2-1/2

[Event "DVM U20 2023"]
[Site "Magdeburg GER"]
[Date "2023.12.30"]
[Round "7"]
[White "Gluma, Christian"]
[Black "Scheinmaier, Mark"]
[Result "1-0"]
[Termination "normal"]
[Board "1.4"]
[WhiteElo "2245"]
[BlackElo "1699"]
[WhiteClock "00:39:43"]
[BlackClock "00:50:24"]
[WhiteTeam "SG Porz"]
[BlackTeam "Karlsruher SF 1853"]
[PlyCount "45"]
[WhiteFideId "16223209"]
[BlackFideId "16238958"]
[EventCountry "GER"]
[EventRounds "7"]
[EventType "team-swiss"]
[EventDate "2023.12.26"]

1. e4 {[%clk 01:30:56]} {[%emt 00:00:03]} e5 {[%clk 01:30:29]} {[%emt
00:00:31]} 2. Nf3 {[%clk 01:31:14]} {[%emt 00:00:13]} Nf6 {[%clk 01:30:44]}
{[%emt 00:00:16]} 3. Nxe5 {[%clk 01:31:09]} {[%emt 00:00:34]} Nxe4 {[%clk
01:30:24]} {[%emt 00:00:50]} 4. Qe2 {[%clk 01:30:18]} {[%emt 00:01:21]} Qe7
{[%clk 01:30:21]} {[%emt 00:00:33]} 5. Qxe4 {[%clk 01:29:16]} {[%emt 00:01:32]}
d6 {[%clk 01:30:45]} {[%emt 00:00:06]} 6. f4 {[%clk 01:18:42]} {[%emt
00:11:05]} dxe5 {[%clk 01:28:29]} {[%emt 00:02:46]} 7. fxe5 {[%clk 01:17:53]}
{[%emt 00:01:19]} Nc6 {[%clk 01:27:55]} {[%emt 00:01:04]} 8. d4 {[%clk
01:12:22]} {[%emt 00:06:01]} Bd7 {[%clk 01:24:10]} {[%emt 00:04:15]} 9. Bd3
{[%clk 01:05:43]} {[%emt 00:07:09]} O-O-O {[%clk 01:23:47]} {[%emt 00:00:53]}
10. c3 {[%clk 01:03:15]} {[%emt 00:02:59]} f6 {[%clk 01:19:48]} {[%emt
00:04:28]} 11. O-O {[%clk 00:54:06]} {[%emt 00:09:39]} Be6 {[%clk 01:05:23]}
{[%emt 00:14:54]} 12. exf6 {[%clk 00:48:49]} {[%emt 00:05:48]} gxf6 {[%clk
01:05:28]} {[%emt 00:00:26]} 13. Qxe6+ {[%clk 00:48:29]} {[%emt 00:00:50]} Qxe6
{[%clk 01:05:21]} {[%emt 00:00:37]} 14. Bf5 {[%clk 00:48:54]} {[%emt 00:00:05]}
Qxf5 {[%clk 01:01:19]} {[%emt 00:04:31]} 15. Rxf5 {[%clk 00:49:20]} {[%emt
00:00:05]} Rg8 {[%clk 00:54:57]} {[%emt 00:06:52]} 16. Rf3 {[%clk 00:44:43]}
{[%emt 00:05:05]} Bd6 {[%clk 00:54:40]} {[%emt 00:00:48]} 17. Bf4 {[%clk
00:43:21]} {[%emt 00:01:52]} Bxf4 {[%clk 00:54:21]} {[%emt 00:00:49]} 18. Rxf4
{[%clk 00:43:29]} {[%emt 00:00:22]} Rde8 {[%clk 00:54:31]} {[%emt 00:00:20]}
19. Nd2 {[%clk 00:43:09]} {[%emt 00:00:50]} Re2 {[%clk 00:50:34]} {[%emt
00:04:27]} 20. Rf2 {[%clk 00:40:44]} {[%emt 00:02:55]} Rxf2 {[%clk 00:50:54]}
{[%emt 00:00:10]} 21. Kxf2 {[%clk 00:41:10]} {[%emt 00:00:04]} Kd7 {[%clk
00:51:16]} {[%emt 00:00:07]} 22. Re1 {[%clk 00:40:26]} {[%emt 00:01:14]} Ne7
{[%clk 00:50:24]} {[%emt 00:01:23]} 23. Ne4 {[%clk 00:39:43]} {[%emt 00:01:13]}
1-0

[Event "DVM U20 2023"]
[Site "Magdeburg GER"]
[Date "2023.12.30"]
[Round "7"]
[White "Gülsen, Sinan Yilmaz"]
[Black "Mohammadi Nia, Borna"]
[Result "0-1"]
[Termination "normal"]
[Board "1.5"]
[WhiteElo "1314"]
[BlackElo "2170"]
[WhiteClock "00:25:54"]
[BlackClock "01:02:59"]
[WhiteTeam "Karlsruher SF 1853"]
[BlackTeam "SG Porz"]
[PlyCount "84"]
[WhiteFideId "34606017"]
[BlackFideId "16207319"]
[EventCountry "GER"]
[EventRounds "7"]
[EventType "team-swiss"]
[EventDate "2023.12.26"]

1. e4 {[%clk 01:30:56]} {[%emt 00:00:03]} e6 {[%clk 01:30:58]} {[%emt
00:00:04]} 2. d4 {[%clk 01:31:16]} {[%emt 00:00:08]} d5 {[%clk 01:31:25]}
{[%emt 00:00:04]} 3. Nc3 {[%clk 01:31:37]} {[%emt 00:00:08]} dxe4 {[%clk
01:31:51]} {[%emt 00:00:04]} 4. Nxe4 {[%clk 01:31:57]} {[%emt 00:00:10]} Nd7
{[%clk 01:32:18]} {[%emt 00:00:02]} 5. Bg5 {[%clk 01:26:34]} {[%emt 00:05:53]}
Be7 {[%clk 01:32:14]} {[%emt 00:00:36]} 6. Nf3 {[%clk 01:23:09]} {[%emt
00:03:54]} Ngf6 {[%clk 01:30:48]} {[%emt 00:01:55]} 7. Nxf6+ {[%clk 01:19:47]}
{[%emt 00:03:53]} Bxf6 {[%clk 01:30:31]} {[%emt 00:00:48]} 8. Bxf6 {[%clk
01:18:16]} {[%emt 00:02:00]} Nxf6 {[%clk 01:30:57]} {[%emt 00:00:04]} 9. Bd3
{[%clk 01:17:23]} {[%emt 00:01:23]} O-O {[%clk 01:31:17]} {[%emt 00:00:10]} 10.
O-O {[%clk 01:12:29]} {[%emt 00:05:24]} b6 {[%clk 01:30:38]} {[%emt 00:01:10]}
11. c3 {[%clk 01:01:13]} {[%emt 00:11:45]} Bb7 {[%clk 01:29:47]} {[%emt
00:01:20]} 12. Re1 {[%clk 01:01:21]} {[%emt 00:00:23]} Qd6 {[%clk 01:29:50]}
{[%emt 00:00:26]} 13. Nd2 {[%clk 00:51:59]} {[%emt 00:09:52]} c5 {[%clk
01:26:42]} {[%emt 00:03:39]} 14. Ne4 {[%clk 00:49:20]} {[%emt 00:03:09]} Bxe4
{[%clk 01:26:58]} {[%emt 00:00:15]} 15. Bxe4 {[%clk 00:47:46]} {[%emt
00:02:04]} Rad8 {[%emt 00:03:47]} 16. Qa4 cxd4 {[%clk 01:24:18]} 17. Rad1
{[%clk 00:38:49]} {[%emt 00:00:07]} e5 {[%clk 01:21:52]} {[%emt 00:02:56]} 18.
f4 {[%clk 00:34:12]} {[%emt 00:05:07]} exf4 {[%clk 01:12:38]} {[%emt 00:09:44]}
19. Rxd4 {[%clk 00:25:03]} {[%emt 00:09:40]} Qc5 {[%clk 01:10:03]} {[%emt
00:03:04]} 20. Bf3 {[%clk 00:23:24]} {[%emt 00:02:09]} Rxd4 {[%clk 01:02:51]}
{[%emt 00:07:42]} 21. Qxd4 {[%clk 00:22:54]} {[%emt 00:01:00]} Qxd4+ {[%clk
01:01:45]} {[%emt 00:01:36]} 22. cxd4 {[%clk 00:23:21]} {[%emt 00:00:03]} Rd8
{[%clk 01:02:08]} {[%emt 00:00:08]} 23. Re7 {[%clk 00:19:30]} {[%emt 00:04:21]}
Rd7 {[%clk 01:01:07]} {[%emt 00:01:31]} 24. Rxd7 {[%clk 00:19:23]} {[%emt
00:00:38]} Nxd7 {[%clk 01:01:35]} {[%emt 00:00:01]} 25. Bc6 {[%clk 00:19:25]}
{[%emt 00:00:27]} Nf6 {[%clk 00:56:05]} {[%emt 00:06:01]} 26. Kf2 {[%clk
00:18:53]} {[%emt 00:01:01]} Kf8 {[%clk 00:55:49]} {[%emt 00:00:47]} 27. b4
{[%clk 00:17:12]} {[%emt 00:02:12]} g5 {[%clk 00:53:26]} {[%emt 00:02:52]} 28.
Ke2 {[%clk 00:13:40]} {[%emt 00:04:02]} Ne8 {[%clk 00:48:37]} {[%emt 00:05:19]}
29. a4 {[%emt 00:06:38]} Nd6 {[%clk 00:46:16]} {[%emt 00:02:35]} 30. a5 {[%clk
00:07:17]} {[%emt 00:01:01]} f5 {[%clk 00:44:48]} {[%emt 00:01:58]} 31. Kf3
{[%clk 00:03:15]} {[%emt 00:04:30]} Ke7 {[%clk 00:44:34]} {[%emt 00:00:43]} 32.
axb6 {[%clk 00:03:16]} {[%emt 00:00:31]} axb6 {[%clk 00:45:02]} {[%emt
00:00:02]} 33. Ba4 {[%clk 00:02:55]} {[%emt 00:00:51]} h6 {[%clk 00:44:02]}
{[%emt 00:01:30]} 34. h4 {[%clk 00:01:50]} {[%emt 00:01:34]} Kf6 {[%clk
00:42:48]} {[%emt 00:01:43]} 35. hxg5+ {[%clk 00:01:22]} {[%emt 00:00:59]} hxg5
{[%clk 00:43:17]} {[%emt 00:00:02]} 36. Ke2 {[%clk 00:01:24]} {[%emt 00:00:28]}
g4 {[%clk 00:42:54]} {[%emt 00:00:54]} 37. Bc6 {[%clk 00:01:49]} {[%emt
00:00:05]} Kg5 {[%clk 00:38:48]} {[%emt 00:04:35]} 38. Kd3 {[%clk 00:00:32]}
{[%emt 00:01:47]} Kh4 {[%clk 00:34:05]} {[%emt 00:05:13]} 39. Ke2 {[%clk
00:00:54]} {[%emt 00:00:08]} Kg3 {[%clk 00:34:12]} {[%emt 00:00:22]} 40. Kf1
{[%clk 00:01:22]} {[%emt 00:00:01]} f3 {[%clk 00:32:47]} {[%emt 00:01:56]} 41.
gxf3 {[%clk 00:01:26]} {[%emt 00:00:26]} gxf3 {[%clk 00:33:13]} {[%emt
00:00:04]} 42. Bd5 {[%clk 00:25:54]} {[%emt 00:06:02]} f2 {[%clk 01:02:59]}
{[%emt 00:00:44]} 0-1

[Event "DVM U20 2023"]
[Site "Magdeburg GER"]
[Date "2023.12.30"]
[Round "7"]
[White "Sabirov, Rafael"]
[Black "Haug, Mara"]
[Result "1-0"]
[Termination "normal"]
[Board "1.6"]
[WhiteElo "2119"]
[BlackElo "1691"]
[WhiteClock "00:26:03"]
[BlackClock "00:03:42"]
[WhiteTeam "SG Porz"]
[BlackTeam "Karlsruher SF 1853"]
[PlyCount "97"]
[WhiteFideId "16241185"]
[BlackFideId "16259300"]
[EventCountry "GER"]
[EventRounds "7"]
[EventType "team-swiss"]
[EventDate "2023.12.26"]

1. e4 {[%clk 01:30:59]} c5 {[%clk 01:30:55]} {[%emt 00:00:05]} 2. Nc3 {[%clk
01:31:24]} {[%emt 00:00:04]} Nc6 {[%clk 01:31:16]} {[%emt 00:00:09]} 3. Bb5
{[%clk 01:31:48]} {[%emt 00:00:06]} g6 {[%clk 01:31:12]} {[%emt 00:00:35]} 4.
Bxc6 {[%clk 01:31:55]} {[%emt 00:00:23]} dxc6 {[%clk 01:30:43]} {[%emt
00:00:59]} 5. d3 {[%clk 01:32:17]} {[%emt 00:00:07]} Bg7 {[%clk 01:30:40]}
{[%emt 00:00:34]} 6. f4 {[%clk 01:32:33]} {[%emt 00:00:14]} Nf6 {[%clk
01:25:28]} {[%emt 00:05:41]} 7. Nf3 {[%clk 01:30:50]} {[%emt 00:02:14]} b6
{[%clk 01:21:08]} {[%emt 00:04:50]} 8. O-O {[%clk 01:30:31]} {[%emt 00:00:48]}
O-O {[%clk 01:20:37]} {[%emt 00:01:01]} 9. Qe1 {[%clk 01:30:17]} {[%emt
00:00:45]} Nd7 {[%clk 01:10:40]} {[%emt 00:10:25]} 10. Rb1 {[%clk 01:27:36]}
{[%emt 00:03:12]} a5 {[%clk 01:05:21]} {[%emt 00:05:48]} 11. b3 {[%clk
01:12:37]} {[%emt 00:22:08]} b5 {[%clk 00:30:51]} 12. e5 {[%clk 01:12:37]} a4
{[%clk 00:30:51]} {[%emt 00:29:22]} 13. e6 {[%emt 00:24:49]} Nb6 {[%emt
00:04:35]} 14. exf7+ {[%emt 00:00:56]} Rxf7 {[%emt 00:01:19]} 15. Bd2 {[%emt
00:04:43]} Bd7 {[%emt 00:06:20]} 16. Ng5 {[%emt 00:02:11]} Rf5 {[%emt
00:02:21]} 17. Ne6 {[%clk 00:44:51]} {[%emt 00:01:07]} Bxe6 {[%clk 00:13:13]}
{[%emt 00:02:04]} 18. Qxe6+ {[%clk 00:45:11]} {[%emt 00:00:09]} Kh8 {[%clk
00:13:25]} {[%emt 00:00:18]} 19. Qxc6 {[%clk 00:43:27]} {[%emt 00:02:15]} axb3
{[%clk 00:12:16]} {[%emt 00:01:40]} 20. axb3 {[%clk 00:42:13]} {[%emt
00:01:43]} c4 {[%clk 00:10:55]} {[%emt 00:01:52]} 21. Qe4 {[%clk 00:37:06]}
{[%emt 00:05:36]} cxd3 {[%clk 00:09:48]} {[%emt 00:01:37]} 22. cxd3 {[%clk
00:36:22]} {[%emt 00:01:15]} Rc8 {[%clk 00:07:23]} {[%emt 00:02:53]} 23. Nd1
{[%clk 00:33:03]} {[%emt 00:03:50]} Rd5 {[%clk 00:06:29]} {[%emt 00:01:21]} 24.
Nf2 {[%clk 00:31:04]} {[%emt 00:02:32]} Rd4 {[%clk 00:03:42]} {[%emt 00:03:15]}
25. Qf3 {[%clk 00:30:55]} {[%emt 00:00:41]} Nd7 {[%clk 00:03:05]} {[%emt
00:01:04]} 26. Rbc1 {[%clk 00:29:19]} {[%emt 00:02:09]} Nc5 {[%clk 00:02:22]}
{[%emt 00:01:12]} 27. Be3 {[%clk 00:27:58]} {[%emt 00:01:51]} Rd5 {[%clk
00:02:44]} {[%emt 00:00:09]} 28. b4 {[%clk 00:27:40]} {[%emt 00:00:47]} Rxd3
{[%clk 00:00:37]} {[%emt 00:02:39]} 29. bxc5 {[%clk 00:27:10]} {[%emt
00:00:59]} Ra3 {[%clk 00:00:49]} {[%emt 00:00:17]} 30. Qe4 {[%clk 00:27:04]}
{[%emt 00:00:37]} Rb8 {[%clk 00:00:42]} {[%emt 00:00:36]} 31. Rfd1 {[%clk
00:26:48]} {[%emt 00:00:47]} Qc7 {[%clk 00:00:49]} {[%emt 00:00:22]} 32. Bd4
{[%clk 00:26:45]} {[%emt 00:00:36]} b4 {[%clk 00:00:54]} {[%emt 00:00:24]} 33.
Bxg7+ {[%clk 00:24:40]} {[%emt 00:02:35]} Kxg7 {[%clk 00:01:23]} {[%emt
00:00:02]} 34. Qd4+ {[%clk 00:25:02]} {[%emt 00:00:07]} Kg8 {[%clk 00:01:15]}
{[%emt 00:00:37]} 35. Qc4+ {[%clk 00:25:08]} {[%emt 00:00:24]} Kg7 {[%clk
00:01:30]} {[%emt 00:00:15]} 36. c6 {[%clk 00:23:43]} {[%emt 00:01:55]} Re8
{[%clk 00:00:56]} {[%emt 00:01:05]} 37. Qxb4 {[%clk 00:23:57]} {[%emt
00:00:16]} Raa8 {[%clk 00:00:59]} {[%emt 00:00:27]} 38. Qd4+ {[%clk 00:23:46]}
{[%emt 00:00:41]} Kg8 {[%clk 00:01:03]} {[%emt 00:00:26]} 39. Qd5+ {[%clk
00:23:54]} {[%emt 00:00:23]} Kg7 {[%clk 00:01:21]} {[%emt 00:00:11]} 40. Qe5+
{[%clk 00:24:03]} {[%emt 00:00:21]} Qxe5 {[%clk 00:01:45]} {[%emt 00:00:07]}
41. fxe5 {[%emt 00:00:24]} Rac8 {[%emt 00:00:17]} 42. c7 {[%clk 00:24:42]}
{[%emt 00:00:01]} Kf7 {[%emt 00:00:21]} 43. Rc6 {[%emt 00:00:35]} Rf8 {[%emt
00:00:43]} 44. Ne4 {[%clk 00:24:33]} {[%emt 00:00:05]} Rfe8 {[%emt 00:00:33]}
45. Nc3 {[%clk 00:24:37]} {[%emt 00:00:12]} Rf8 {[%clk 00:02:44]} {[%emt
00:00:16]} 46. Rf1+ {[%emt 00:00:14]} Ke8 {[%clk 00:03:01]} {[%emt 00:00:07]}
47. Rxf8+ {[%clk 00:25:20]} {[%emt 00:00:07]} Kxf8 {[%emt 00:00:10]} 48. e6
{[%clk 00:25:44]} {[%emt 00:00:01]} Ke8 {[%clk 00:03:42]} {[%emt 00:00:14]} 49.
Nd5 {[%clk 00:26:03]} {[%emt 00:00:11]} 1-0